000 00470nam a2200193Ia 4500
008 240510s9999 xx 000 0 und d
020 _a0000201184834
041 _aEng
082 _a005.133
082 _bW34
100 _aWILSON, Leslie B., CLARK, Robert G.
245 0 _aComparative Programming Languages
260 _bWokingham : Addison - Wesly
260 _c1988
300 _a379 p.
650 _aProgramming Languages
942 _2ddc
942 _cLBK
999 _c24948
_d24948
945 _a1
_bMadushi Gamage
_c1
_dMadushi Gamage